<?xml version="1.0" encoding="UTF-8"?>
<record
    xmlns:xsi="http://www.w3.org/2001/XMLSchema-instance"
    xsi:schemaLocation="http://www.loc.gov/MARC21/slim http://www.loc.gov/standards/marcxml/schema/MARC21slim.xsd"
    xmlns="http://www.loc.gov/MARC21/slim">

  <leader>00797cam2a220019300 4500</leader>
  <controlfield tag="005">20190819094431.0</controlfield>
  <controlfield tag="008">000306                                  </controlfield>
  <datafield tag="010" ind1=" " ind2=" ">
    <subfield code="a">9630116</subfield>
  </datafield>
  <datafield tag="020" ind1=" " ind2=" ">
    <subfield code="a">0930664167</subfield>
  </datafield>
  <datafield tag="035" ind1=" " ind2=" ">
    <subfield code="a">(Sirsi) a142366</subfield>
  </datafield>
  <datafield tag="050" ind1=" " ind2="0">
    <subfield code="a">DQ208</subfield>
    <subfield code="b">Bli 1996</subfield>
  </datafield>
  <datafield tag="100" ind1="1" ind2=" ">
    <subfield code="a">Blickpunkt, Schweiz. English</subfield>
    <subfield code="6">A112388.1</subfield>
  </datafield>
  <datafield tag="245" ind1="1" ind2="0">
    <subfield code="a">The new Switzerland :</subfield>
    <subfield code="b">problems and policies /</subfield>
    <subfield code="c">edited by Rolf Kieser and Kurt R. Spillmann;with the assistance of  Thomas Koppel.</subfield>
  </datafield>
  <datafield tag="260" ind1=" " ind2=" ">
    <subfield code="a">California :</subfield>
    <subfield code="b">Society for promotion of Science and Scholarship,Inc.,</subfield>
    <subfield code="c">1996.</subfield>
  </datafield>
  <datafield tag="350" ind1=" " ind2=" ">
    <subfield code="a">25</subfield>
  </datafield>
  <datafield tag="650" ind1=" " ind2="0">
    <subfield code="a">Switzerland -- History -- 20th century</subfield>
    <subfield code="x">Switzerland -- History -- 20th century</subfield>
    <subfield code="x">Switzerland -- History -- 20th century</subfield>
    <subfield code="6">S85402.1</subfield>
  </datafield>
  <datafield tag="700" ind1="0" ind2="0">
    <subfield code="a">Keiser, Rolf</subfield>
    <subfield code="6">A112391.1</subfield>
  </datafield>
  <datafield tag="700" ind1="0" ind2="0">
    <subfield code="a">Spillmann, Kurt R.</subfield>
    <subfield code="6">A112392.1</subfield>
  </datafield>
  <datafield tag="999" ind1=" " ind2=" ">
    <subfield code="c">99356</subfield>
    <subfield code="d">99356</subfield>
  </datafield>
</record>
